000 00607cam a22002053a 4500
001 41557
003 PGUSA
005 20140828083934.0
008 121204s2012||||xxu|||||s|||||000 | eng d
040 _aPGUSA
_beng
042 _adc
100 1 _aThomas, Cyrus,
_d1825-1910
245 1 0 _aBurial Mounds of the Northern Sections of the United States
_h[electronic resource] /
_cCyrus Thomas
260 _bProject Gutenberg,
_c2012
506 _aPublic domain in the USA.
516 _aElectronic text
830 0 _aProject Gutenberg
_v41557
856 4 0 _uhttp://www.gutenberg.org/ebooks/41557
942 _cEB
999 _c270809
_d270809